00477 a2200169 4500001000700000020000600007040001100013100003600024240004700060245004200107362000900149440001100158697001000169942000700179952010200186999001900288170136 a  cMagnum aFreitas, Marcos Cezar de (Org.)10aHistoria social da infancia no brasillpor10aHistoria social da infancia no brasil0 a1899 1aCortez aGERAL cBK 00104070a32.5b32.5d2024-06-08l0oLI.07773pMAG00014859r2024-06-08 20:42:30w2024-06-08yBK c170136d170136